000 00581nam a2200205 i 4500
001 100489
003 ES-MaACL
005 20230906182703.0
007 t|
008 050928s1948 sp ||||1| spa d
100 1 _aMassia, Antoine.
_978812
245 1 3 _aEl estribo /
_cpor A. Massia; versión castellana Juan Luis Calleja.
260 _aMadrid :
_bLa Nave,
_c1948.
300 _a400 p. ;
_c16 cm.
490 1 _aLa nave ;
_v141
700 1 _aCalleja, Juan Luis.
_933720
830 0 _aLa nave ;
_v141
_9182879
852 _aES-MaACL
_jD-6701
_bR.29091
999 _c100489
_d100489